000 00465nam a22001577a 4500
005 20240829103310.0
008 240829b |||||||| |||| 00| 0 eng d
041 _aEnglish/Afrikaans
082 _a349 LAW
100 _lEnglish/Afrikaans
245 _aThe Laws of South West Africa 1938
260 _aWindhoek:
_bBy Authority,
_c1938
300 _bxli, 419 pages;
_c25 cm.
650 _aLegal practice
_bLaw
942 _cBK
_6ALISON_BN_VRIES
999 _c2952
_d2952